| 000 | 00646nam a2200241Ia 4500 | ||
|---|---|---|---|
| 003 | OSt | ||
| 005 | 20220928125413.0 | ||
| 006 | a|||||r|||| 00| 0 | ||
| 007 | ta | ||
| 008 | 220927b |||||||| |||| 00| 0 eng d | ||
| 024 | _a54005 | ||
| 037 | _cTextual | ||
| 040 |
_aSDCL _cSDCL _beng |
||
| 041 |
_2eng _aeng |
||
| 082 | _aR6, J2 | ||
| 100 |
_aZimmer Heinrich _9407496 |
||
| 245 | 0 | _aPhilosophy of Indian . | |
| 260 |
_aLondon _bRoutlage and Kegan Paul _c1952 |
||
| 300 |
_axvii,687p. _ccm. |
||
| 700 |
_a Campbell Joseph _9469465 |
||
| 942 |
_hR6, J2 _cTEXL _2CC |
||
| 999 |
_c782134 _d782134 |
||